LEADER 01119nam a2200265 i 4500 001 000000034250 003 CaOOAMICUS 005 20240405160604.0 008 070625s1981 it u000 u ita u 013 $a405 040 $aSeMil$bita 100 1 $aBonanno, Giovanni.$0(OLS)http://semarc/name/15675 245 10$aGeorges Bernanos e l'angoscia dell'uomo /$cGiovanni Bonanno. 260 $aPalermo (Italia) ; Sao Paulo (Brasil) :$bEditrice I.L.A. Palma,$ccopyr. 1981. 300 $a131 p. ;$c22 cm. 490 0 $aHumanitas [ILA Palma] ;$v3. 500 $aContiene : Bibliografia. 600 14$aBernanos, Georges <1888-1948>.$0(OLS)http://semarc/subject/5594 830 0$aHumanitas ;$v3.$0(OLS)http://semarc/title/419660 850 $aSeMil 852 $aSeMil$W1$xVenegono$y1$m1D VI 60$j405$B405$CSeMilBibl$Z2$F405 $81 961 $aOmaggio: Ballarini mons. Marco 996 $6245$aGeorges Bernanos e l'angoscia dell'uomo$9(OLS)http://semarc/title/46239 996 $6260$aPalermo (Italia) ; Sao Paulo (Brasil) :$bEditrice I.L.A. Palma$9(OLS)http://semarc/publisher/32481 LEADER 01056nam a2200265 i 4500 001 000000235758 003 CaOOAMICUS 005 20141113000000.0 008 141113s1996 it u000 u ita u 013 $a214662 020 $a88-263-1143-9 040 $aSeMil$bita 100 1 $aPikaza, Xabier,$d<1941- >.$0(OLS)http://semarc/name/92960 245 13$aIl Vangelo di Marco /$cXabier Pikaza. 260 $aRoma :$bBorla,$c1996. 300 $a464 p. ;$c20 cm. 490 0 $aItinerari biblici 650 4$aBibbia. Nuovo Testamento. Vangelo secondo Marco - Commentari, studi, critica, interpretazioni.$0(OLS)http://semarc/subject/143 830 0$aItinerari biblici.$0(OLS)http://semarc/title/10157 850 $aSeMil 852 $aSeMil$W1$xVenegono$y1$m2V II 292$j186104$B186104$CSeMilBibl$Z2$F197729 $81 961 $aLascito: Serenthà don Mario 996 $6020$a88-263-1143-9$9(OLS)http://semarc/number/240539 996 $6245$aIl Vangelo di Marco$9(OLS)http://semarc/title/1437 996 $6260$aRoma :$bBorla$9(OLS)http://semarc/publisher/29677